[Event "GEO-ch 1st League 80th"]
[Site "Tbilisi"]
[Date "2021.04.05"]
[Round "8"]
[White "Tsereteli, Tornike"]
[Black "Siprashvili, Ivane"]
[Result "1-0"]
[WhiteElo "1765"]
[BlackElo "2075"]
[PlyCount "91"]
[EventDate "2021.03.29"]
[EventType "swiss"]
[EventRounds "9"]
[EventCountry "GEO"]
[SourceTitle "CBM 202 Extra"]
[Source "ChessBase"]
[SourceDate "2021.07.31"]
[SourceVersion "1"]
[SourceVersionDate "2021.07.31"]
[SourceQuality "1"]

1. e4 e5 2. Nf3 Nc6 3. Bb5 a6 4. Bxc6 dxc6 5. 0-0 Qd6 6. c3 c5 7. d4 cxd4 8. cxd4 exd4 9. e5 Qg6 10. Qxd4 Bh3 11. Ng5 Bf5 12. Nc3 Ne7 13. e6 Bxe6 14. Nxe6 fxe6 15. Rd1 Kf7 16. Qf4+ Kg8 17. Qxc7 b5 18. Qb7 Re8 19. Qxa6 b4 20. Ne2 Nd5 21. Nf4 Nxf4 22. Bxf4 h6 23. Bd6 Kh7 24. Qc4 Bxd6 25. Rxd6 Rhf8 26. Qxb4 Rb8 27. Qd2 Qf6 28. Rb1 Rbd8 29. Rxd8 Rxd8 30. Qc2+ Kh8 31. h3 Qd4 32. Re1 e5 33. Qc3 Qd5 34. Rxe5 Qxa2 35. Re7 Qb1+ 36. Kh2 Qg6 37. Qc7 Rd2 38. Qb8+ Kh7 39. Re8 Qf6 40. Rh8+ Kg6 41. Rf8 Qe6 42. b4 Rb2 43. Qg3+ Kh5 44. Re8 Qd7 45. Re7 Qd1 46. Qe5+ 1-0

[Event "GEO-ch 1st League 80th"]
[Site "Tbilisi"]
[Date "2021.04.03"]
[Round "6"]
[White "Nigalidze, Gaioz"]
[Black "Tsereteli, Tornike"]
[Result "1-0"]
[WhiteElo "2480"]
[BlackElo "1765"]
[PlyCount "61"]
[EventDate "2021.03.29"]
[EventType "swiss"]
[EventRounds "9"]
[EventCountry "GEO"]
[SourceTitle "CBM 202 Extra"]
[Source "ChessBase"]
[SourceDate "2021.07.31"]
[SourceVersion "1"]
[SourceVersionDate "2021.07.31"]
[SourceQuality "1"]

1. d4 Nf6 2. c4 g6 3. Nc3 d5 4. Nf3 Bg7 5. cxd5 Nxd5 6. e4 Nxc3 7. bxc3 c5 8. Be2 0-0 9. 0-0 Nc6 10. Be3 cxd4 11. cxd4 Bg4 12. d5 Ne5 13. Nd4 Bxe2 14. Qxe2 Rc8 15. Rac1 Qd7 16. h3 Qa4 17. Rfd1 a6 18. f4 Nc4 19. Bf2 Na3 20. e5 Rc4 21. Rxc4 Qxc4 22. Qxc4 Nxc4 23. Rb1 Bh6 24. g3 Rd8 25. Rxb7 Rxd5 26. Rxe7 Nd2 27. Re8+ Kg7 28. Nc6 Ne4 29. Rg8+ Kxg8 30. Ne7+ Kf8 31. Nxd5 1-0

[Event "Gaprindashvili Cup op 2nd"]
[Site "Tornelo INT"]
[Date "2020.11.08"]
[Round "1"]
[White "Tsereteli, Tornike"]
[Black "Petriashvili, Nikoloz"]
[Result "1/2-1/2"]
[WhiteElo "1765"]
[BlackElo "2425"]
[PlyCount "52"]
[EventDate "2020.11.08"]
[EventType "swiss (rapid)"]
[EventRounds "9"]
[EventCountry "GEO"]
[SourceTitle "CBM 199 Extra"]
[Source "ChessBase"]
[SourceDate "2021.01.31"]
[SourceVersion "1"]
[SourceVersionDate "2021.01.31"]
[SourceQuality "1"]

1. e4 e5 2. Nf3 Nc6 3. Bb5 g6 4. 0-0 Bg7 5. c3 a6 6. Ba4 d6 7. d4 Bd7 8. h3 Nf6 9. Re1 0-0 10. d5 Ne7 11. Bxd7 Qxd7 12. c4 c5 13. dxc6 Qxc6 14. Qe2 Rfc8 15. Na3 h6 16. Rb1 Nd7 17. b3 f5 18. exf5 gxf5 19. Nc2 b5 20. Ncd4 exd4 21. Qe6+ Kh7 22. Nxd4 Qc7 23. Bxh6 Nc5 24. Qxe7 Qxe7 25. Rxe7 Kxh6 26. Nxf5+ Kg6 1/2-1/2

[Event "EU-ch Online U2300 Final"]
[Site "Chess.com INT"]
[Date "2020.05.26"]
[Round "8"]
[White "Tsereteli, Tornike"]
[Black "Gallasch, Jonas"]
[Result "0-1"]
[WhiteElo "1735"]
[BlackElo "2090"]
[PlyCount "28"]
[EventDate "2020.05.26"]
[EventType "swiss"]
[EventRounds "8"]
[EventCountry "NET"]
[SourceTitle "CBM 196 Extra"]
[Source "ChessBase"]
[SourceDate "2020.07.31"]
[SourceVersion "1"]
[SourceVersionDate "2020.07.31"]
[SourceQuality "1"]

1. e4 c6 2. d4 d5 3. e5 c5 4. c3 Nc6 5. f4 Nh6 6. Nf3 Bg4 7. Bb5 e6 8. 0-0 Qb6 9. Bxc6+ bxc6 10. dxc5 Bxc5+ 11. Kh1 Nf5 12. Qd3 h5 13. Na3 h4 14. Nc2 Ng3+ 0-1

[Event "EU-ch Online U2300 Qual"]
[Site "Chess.com INT"]
[Date "2020.05.25"]
[Round "4"]
[White "Nareks, Matic"]
[Black "Tsereteli, Tornike"]
[Result "0-1"]
[WhiteElo "2015"]
[BlackElo "1735"]
[PlyCount "74"]
[EventDate "2020.05.25"]
[EventType "swiss"]
[EventRounds "8"]
[EventCountry "NET"]
[SourceTitle "EXT 2021"]
[Source "ChessBase"]
[SourceDate "2020.10.23"]
[SourceVersion "1"]
[SourceVersionDate "2020.10.23"]
[SourceQuality "1"]

1. e4 e6 2. d4 d5 3. Nd2 Nf6 4. e5 Nfd7 5. Bd3 c5 6. c3 Nc6 7. Ne2 cxd4 8. cxd4 f6 9. exf6 Nxf6 10. 0-0 Bd6 11. Nf3 0-0 12. Bf4 Bxf4 13. Nxf4 Ne4 14. Nh5 g6 15. Ng3 Nxg3 16. hxg3 Qb6 17. Bc2 Bd7 18. Re1 Rac8 19. Bb3 a5 20. Rc1 Qb4 21. a3 Qd6 22. Qd2 b5 23. Ne5 Nxe5 24. Rxe5 Rxc1+ 25. Qxc1 b4 26. axb4 Qxb4 27. Qc3 Qxc3 28. bxc3 Rb8 29. Bc2 a4 30. Re1 Rb2 31. Bd3 Rd2 32. Bf1 a3 33. Ra1 a2 34. f4 Ba4 35. Kh2 Bb3 36. Kh3 Rd1 37. Rxd1 Bxd1 0-1

[Event "EU-ch Online U2300 Qual"]
[Site "Chess.com INT"]
[Date "2020.05.25"]
[Round "2"]
[White "Tsereteli, Tornike"]
[Black "Ivanovitch, Nicholas Michael"]
[Result "1-0"]
[WhiteElo "1735"]
[BlackElo "2201"]
[PlyCount "41"]
[EventDate "2020.05.25"]
[EventType "swiss"]
[EventRounds "8"]
[EventCountry "NET"]
[SourceTitle "EXT 2021"]
[Source "ChessBase"]
[SourceDate "2020.10.23"]
[SourceVersion "1"]
[SourceVersionDate "2020.10.23"]
[SourceQuality "1"]

1. e4 g6 2. d4 Bg7 3. Nc3 d6 4. Nf3 Nf6 5. h3 0-0 6. Be2 Nbd7 7. 0-0 Re8 8. Be3 e5 9. dxe5 Nxe5 10. Nxe5 Rxe5 11. Bf4 Re8 12. Bf3 Nh5 13. Bxh5 gxh5 14. Qxh5 Bxc3 15. bxc3 Rxe4 16. Bg5 Qf8 17. Bf6 h6 18. Rae1 Rf4 19. Be7 Qg7 20. Re3 Kh7 21. Rg3 1-0